<?xml version="1.0" encoding="UTF-8"?>
<record
    xmlns:xsi="http://www.w3.org/2001/XMLSchema-instance"
    xsi:schemaLocation="http://www.loc.gov/MARC21/slim http://www.loc.gov/standards/marcxml/schema/MARC21slim.xsd"
    xmlns="http://www.loc.gov/MARC21/slim">

  <leader>01268nam a2200313 a 4500</leader>
  <datafield tag="999" ind1=" " ind2=" ">
    <subfield code="c">7552</subfield>
    <subfield code="d">7552</subfield>
  </datafield>
  <controlfield tag="001">991002290419706706</controlfield>
  <controlfield tag="003">OSt</controlfield>
  <controlfield tag="005">20211217115529.0</controlfield>
  <controlfield tag="008">031112s1944    spc||||||     000 ||spa|c</controlfield>
  <datafield tag="035" ind1=" " ind2=" ">
    <subfield code="a">(ES-BaCBU).b10500789</subfield>
  </datafield>
  <datafield tag="035" ind1=" " ind2=" ">
    <subfield code="a">(OCoLC)801938398</subfield>
  </datafield>
  <datafield tag="040" ind1=" " ind2=" ">
    <subfield code="a">ES-BaCBU</subfield>
    <subfield code="b">cat</subfield>
    <subfield code="c">CDMR</subfield>
  </datafield>
  <datafield tag="043" ind1=" " ind2=" ">
    <subfield code="a">e-sp---</subfield>
    <subfield code="b">e-spc--</subfield>
    <subfield code="2">catmarc</subfield>
  </datafield>
  <datafield tag="080" ind1=" " ind2=" ">
    <subfield code="a">911.375(467.11)"18/19"</subfield>
  </datafield>
  <datafield tag="084" ind1=" " ind2=" ">
    <subfield code="a">9(46.71Bar)"18"</subfield>
    <subfield code="2">z</subfield>
  </datafield>
  <datafield tag="090" ind1=" " ind2=" ">
    <subfield code="a">DPC309.9.B3757</subfield>
    <subfield code="b">C325 1944</subfield>
  </datafield>
  <datafield tag="090" ind1=" " ind2=" ">
    <subfield code="a">DPC309.9.B3757</subfield>
    <subfield code="b">C325 1944</subfield>
  </datafield>
  <datafield tag="100" ind1="1" ind2=" ">
    <subfield code="a">Caball&#xE9; i Clos, Tom&#xE0;s,</subfield>
  </datafield>
  <datafield tag="245" ind1="1" ind2="0">
    <subfield code="a">Barcelona de anta&#xF1;o :</subfield>
    <subfield code="b">memorias de un viejo reportero barcelon&#xE9;s /</subfield>
    <subfield code="c">por Tom&#xE1;s Caball&#xE9; y Clos</subfield>
  </datafield>
  <datafield tag="260" ind1=" " ind2=" ">
    <subfield code="a">Barcelona :</subfield>
    <subfield code="b">Aries,</subfield>
    <subfield code="c">1944</subfield>
  </datafield>
  <datafield tag="300" ind1=" " ind2=" ">
    <subfield code="a">230 p. ;</subfield>
    <subfield code="c">22 cm</subfield>
  </datafield>
  <datafield tag="651" ind1=" " ind2="7">
    <subfield code="a">Barcelona (Catalunya)</subfield>
    <subfield code="x">Hist&#xF2;ria</subfield>
    <subfield code="y">S. XIX-XX.</subfield>
    <subfield code="2">lemac</subfield>
    <subfield code="v">Relats personals</subfield>
  </datafield>
  <datafield tag="651" ind1=" " ind2="7">
    <subfield code="a">Barcelona (Catalunya)</subfield>
    <subfield code="x">Hist&#xF2;ria</subfield>
    <subfield code="y">1874-1931, Restauraci&#xF3;</subfield>
    <subfield code="x">Relats personals.</subfield>
    <subfield code="2">lemac</subfield>
  </datafield>
  <datafield tag="830" ind1=" " ind2="0">
    <subfield code="a">Evocaciones barcelonesas</subfield>
  </datafield>
  <datafield tag="907" ind1=" " ind2=" ">
    <subfield code="a">.b10500789</subfield>
    <subfield code="b">23-06-21</subfield>
    <subfield code="c">06-05-08</subfield>
    <subfield code="d">12-11-03</subfield>
    <subfield code="e">m</subfield>
    <subfield code="f">a</subfield>
    <subfield code="g">-</subfield>
    <subfield code="h">spa</subfield>
    <subfield code="i">spc</subfield>
    <subfield code="j">0</subfield>
    <subfield code="k">1</subfield>
  </datafield>
  <datafield tag="908" ind1=" " ind2=" ">
    <subfield code="a">ICGC</subfield>
    <subfield code="a">AHCB</subfield>
    <subfield code="a">BAB</subfield>
    <subfield code="a">BC</subfield>
    <subfield code="a">FBC</subfield>
    <subfield code="a">UB</subfield>
    <subfield code="a">UPF</subfield>
    <subfield code="a">UPC</subfield>
    <subfield code="a">BPEB</subfield>
    <subfield code="a">COAC</subfield>
    <subfield code="a">CBAB</subfield>
    <subfield code="a">GEPA</subfield>
    <subfield code="a">ANC</subfield>
    <subfield code="a">FMPB</subfield>
    <subfield code="a">MNAC</subfield>
    <subfield code="a">UdG</subfield>
  </datafield>
  <datafield tag="942" ind1=" " ind2=" ">
    <subfield code="2">udc</subfield>
    <subfield code="c">MON</subfield>
  </datafield>
  <datafield tag="949" ind1=" " ind2=" ">
    <subfield code="a">1009102529</subfield>
    <subfield code="b">B 2/2/1339</subfield>
    <subfield code="c">1</subfield>
    <subfield code="d">0</subfield>
    <subfield code="e">0</subfield>
    <subfield code="f">05.04.06</subfield>
    <subfield code="g">1</subfield>
    <subfield code="k">1900</subfield>
    <subfield code="m">05.04.06</subfield>
    <subfield code="n">05.04.06</subfield>
    <subfield code="o">0</subfield>
    <subfield code="p">Fons: Biblioteca (R.2559)</subfield>
  </datafield>
  <datafield tag="952" ind1=" " ind2=" ">
    <subfield code="0">0</subfield>
    <subfield code="1">0</subfield>
    <subfield code="4">0</subfield>
    <subfield code="7">1</subfield>
    <subfield code="a">CDMR</subfield>
    <subfield code="b">CDMR</subfield>
    <subfield code="d">2021-12-17</subfield>
    <subfield code="e">Donaci&#xF3;</subfield>
    <subfield code="g">17.00</subfield>
    <subfield code="l">0</subfield>
    <subfield code="o">Du 1/189</subfield>
    <subfield code="p">CDMR21120088</subfield>
    <subfield code="r">2021-12-17</subfield>
    <subfield code="w">2021-12-17</subfield>
    <subfield code="y">MON</subfield>
  </datafield>
</record>
